000 00864nem a2200217 i 4500
001 181555
003 ES-MaACL
005 20260209164147.0
008 130211s1896 gw | | | ||ger d
130 0 _aÁfrica.
_kMapas políticos.
_f1896.
_9152239
245 1 0 _aKarte von Afrika
_b: im masstabe von 1:8 000 000 der natürlichen grösse [
_hMaterial catográfico] /
_credigiert von J. I. Kettler und Herm. Müller.
255 _aEscala: 1:8 000 000.
260 _aWeimar :
_bGeographisches Institut,
_c[ca. 1896]
300 _a1 mapa :
_bcol. ;
_c33 x26 cm en 1 h. pleg. de 104 x 99 cm.
592 _aSeñaladas con diferentes colores las colonias de los países europeos.
651 7 _aÁfrica-
_vMapas
_2
_9137013
700 1 _aKettler, Julius I.
_9152237
700 1 _aMüller, Hermann.
_9152238
852 _aES-MaACL
_jG-6422
999 _c181555
_d181555